[Event "Polgar Challenge 2021"]
[Site "Online"]
[Date "2021.04.04"]
[Round "15.5"]
[White "Keymer, Vincent"]
[Black "Praggnanandhaa R"]
[Result "1-0"]
[WhiteElo "2591"]
[BlackElo "2608"]
[Annotator "TA"]
[PlyCount "93"]
[EventDate "2021.04.08"]
[EventType "tourn"]
[EventCountry "NET"]
[SourceTitle "playchess.com"]
[Source "ChessBase"]
[SourceQuality "1"]

{[%evp 19,93,51,58,43,60,60,54,49,56,25,10,15,12,15,15,11,10,10,10,10,10,10,7,10,10,6,8,9,10,7,7,6,16,10,10,5,8,5,9,0,11,0,5,0,0,0,10,2,5,6,8,9,10,0,0,0,0,0,7,0,43,43,39,60,77,75,500,499,463,444,518,508,29987,29988,29991,29992]} 1. Nf3 Nf6 2. c4 g6 3. Nc3 Bg7 4. g3 O-O 5. Bg2 d6 6. d4 Nc6 7. O-O e5 8. dxe5 dxe5 9. Bg5 h6 10. Qxd8 Rxd8 11. Bxf6 {E62: King's Indian: Fianchetto: 6...c6 and Panno Variation (6...Nc6) without ...a6.} Bxf6 12. Nd5 Kg7 {outshines the older 12...Bg7.} 13. Nxc7 {White is slightly better.} Rb8 14. Nd5 e4 15. Nd2 e3 16. Nxf6 {[#] Nde4 is the strong threat.} exd2 17. Nd5 Bg4 18. f3 Be6 {[#] And now ...b5 would win.} 19. e4 $146 ({Predecessor:} 19. f4 Na5 20. Rfd1 Nxc4 21. e4 Bg4 22. b3 Bxd1 23. Rxd1 Nd6 24. Rxd2 Rbc8 25. Kf2 {0-1 (43) Oparin,G (2652)-Shevchenko,K (2599) Tornelo INT 2021}) 19... Na5 20. Rfd1 Nxc4 21. b3 Bxd5 22. exd5 Ne3 23. Rxd2 Rxd5 24. Rxd5 Nxd5 $11 {[%mdl 4096] Endgame KRB-KRN} 25. Rc1 Nf6 26. f4 Ne8 27. Kf2 b6 28. Bf3 Rd8 29. Ke3 Kf8 30. Rc4 Nd6 31. Rc7 Nf5+ 32. Ke4 a5 (32... Re8+ {with more complications.} 33. Kd5 Rd8+ 34. Ke5 Re8+ 35. Kd5) 33. Bg4 Re8+ 34. Kd3 Rd8+ 35. Kc3 Ne3 {[#] White must now prevent ...Nd5+.} 36. Bf3 Rd6 37. a4 h5 38. b4 axb4+ 39. Kxb4 Rd2 40. Kb5 Rb2+ 41. Ka6 Rxh2 42. Kxb6 Rh3 $2 {[%mdl 8192] Black cannot hold the game after this.} (42... Rb2+ $16 {is a better chance.} 43. Ka6 Nf5) 43. Rc3 $18 Nf5 44. a5 Rxg3 {If only Black now had time for ...Rg1....} 45. a6 {Threatens to win with a7.} Ne7 (45... Rg1 $18 46. a7 Ra1 47. a8=Q+ Rxa8) 46. a7 Rxf3 47. a8=Q+ {[%mdl 64] Double Attack.  Weighted Error Value: White=0.02/Black=0.41} 1-0

[Event "Polgar Challenge 2021"]
[Site "Online"]
[Date "2021.04.04"]
[Round "15.6"]
[White "Mendonca, Leon Luke"]
[Black "Yip, Carissa"]
[Result "1-0"]
[WhiteElo "2549"]
[BlackElo "2430"]
[Annotator "ChessBase"]
[PlyCount "95"]
[EventDate "2021.04.08"]
[EventType "tourn"]
[EventCountry "NET"]
[SourceTitle "playchess.com"]
[Source "ChessBase"]
[SourceQuality "1"]
[TimeControl "600+5"]

1. d4 {[%emt 0:00:00]} Nf6 {[%emt 0:00:00]} 2. c4 {[%emt 0:00:04]} g6 {[%emt 0:00:00]} 3. Nc3 {[%emt 0:00:03]} Bg7 {[%emt 0:00:00]} 4. Nf3 {[%emt 0:00:09]} O-O {[%emt 0:00:01]} 5. e3 {[%emt 0:00:02]} d6 {[%emt 0:00:05]} 6. Be2 {[%emt 0:00:02]} b6 {[%emt 0:00:10]} 7. O-O {[%emt 0:00:10]} Bb7 {[%emt 0:00:01]} 8. Qc2 {[%emt 0:00:52]} Nbd7 {[%emt 0:00:10]} 9. b3 {[%emt 0:00:26]} e5 {[%emt 0:00:07]} 10. Bb2 {[%emt 0:00:07]} Qe7 {[%emt 0:00:01]} 11. Rfd1 {[%emt 0:00:24]} Rad8 {[%emt 0:00:04]} 12. Rac1 {[%emt 0:01:25]} h6 {[%emt 0:00:25]} 13. dxe5 {[%emt 0:00:51]} Nxe5 {[%emt 0:00:21]} 14. Nd5 {[%emt 0:00:34]} Bxd5 {[%emt 0:01:19]} 15. cxd5 {[%emt 0:00:06]} Nxf3+ {[%emt 0:00:02]} 16. Bxf3 {[%emt 0:00:02]} Ne8 {[%emt 0:00:01]} 17. Bxg7 {[%emt 0:00:10]} Kxg7 {[%emt 0:00:01]} 18. Rd4 {[%emt 0:00:34]} f5 {[%emt 0:00:05]} 19. g3 {[%emt 0:00:15]} Rc8 {[%emt 0:00:13]} 20. Be2 {[%emt 0:00:17]} a5 {[%emt 0:00:11]} 21. Ba6 {[%emt 0:00:11]} Ra8 {[%emt 0:00:03]} 22. Bb5 {[%emt 0:00:06]} Rf7 {[%emt 0:00:05]} 23. Rc4 {[%emt 0:00:08]} Ra7 {[%emt 0:00:08]} 24. Bxe8 {[%emt 0:00:58]} Qxe8 {[%emt 0:00:00]} 25. Qc3+ {[%emt 0:00:20]} Kg8 {[%emt 0:00:03]} 26. Kg2 {[%emt 0:00:05]} Kh7 {[%emt 0:00:48]} 27. h4 {[%emt 0:00:11]} Qe7 {[%emt 0:00:07]} 28. Qd4 {[%emt 0:00:07]} Qe8 {[%emt 0:00:14]} 29. Qf4 {[%emt 0:00:21]} Qe7 {[%emt 0:00:35]} 30. Qd4 {[%emt 0:00:15]} Qe8 {[%emt 0:00:04]} 31. Kf1 {[%emt 0:00:52]} Qe7 {[%emt 0:00:13]} 32. Qc3 {[%emt 0:00:10]} Qe8 {[%emt 0:00:05]} 33. Ke2 {[%emt 0:00:04]} Qb5 {[%emt 0:00:25]} 34. Qd3 {[%emt 0:00:06]} Qe8 {[%emt 0:00:28]} 35. Kd2 {[%emt 0:00:22]} Kg8 {[%emt 0:00:25]} 36. Qc3 {[%emt 0:00:09]} Qb5 {[%emt 0:00:07]} 37. Qd3 {[%emt 0:00:06]} a4 {[%emt 0:00:43]} 38. Rxa4 {[%emt 0:00:26]} Ra5 {[%emt 0:00:08]} 39. Qxb5 {[%emt 0:00:06]} Rxb5 {[%emt 0:00:01]} 40. Rd4 {[%emt 0:00:01]} Re7 {[%emt 0:00:05]} 41. Rcc4 {[%emt 0:00:10]} Kf7 {[%emt 0:00:15]} 42. b4 {[%emt 0:00:15]} Re5 {[%emt 0:00:10]} 43. Rxc7+ {[%emt 0:00:09]} Kf6 {[%emt 0:00:02]} 44. Rc6 {[%emt 0:00:30]} Rexd5 {[%emt 0:00:05]} 45. Kc3 {[%emt 0:00:04]} Rxd4 {[%emt 0:00:08]} 46. exd4 {[%emt 0:00:00]} Ke6 {[%emt 0:00:10]} 47. a4 {[%emt 0:00:03]} Rd5 {[%emt 0:00:03]} 48. Rxb6 {[%emt 0:00:01]} 1-0

[Event "Polgar Challenge 2021"]
[Site "Online"]
[Date "2021.04.04"]
[Round "15.7"]
[White "Abdumalik, Zhansaya"]
[Black "Lei, Tingjie"]
[Result "1/2-1/2"]
[WhiteElo "2472"]
[BlackElo "2505"]
[Annotator "ChessBase"]
[PlyCount "141"]
[EventDate "2021.04.08"]
[EventType "tourn"]
[EventCountry "NET"]
[SourceTitle "playchess.com"]
[Source "ChessBase"]
[SourceQuality "1"]
[TimeControl "600+5"]

1. e4 {[%emt 0:00:00]} e5 {[%emt 0:00:00]} 2. Nf3 {[%emt 0:00:00]} Nc6 {[%emt 0:00:00]} 3. Bb5 {[%emt 0:00:00]} Nf6 {[%emt 0:00:00]} 4. d3 {[%emt 0:00:08]} Bc5 {[%emt 0:00:00]} 5. Nbd2 {[%emt 0:00:02]} O-O {[%emt 0:00:04]} 6. Nb3 {[%emt 0:00:05]} Bd6 {[%emt 0:00:02]} 7. O-O {[%emt 0:00:10]} a6 {[%emt 0:00:01]} 8. Bxc6 {[%emt 0:00:04]} dxc6 {[%emt 0:00:01]} 9. Na5 {[%emt 0:00:03]} Re8 {[%emt 0:00:33]} 10. b3 {[%emt 0:00:12]} c5 {[%emt 0:00:21]} 11. Bb2 {[%emt 0:00:17]} Nd7 {[%emt 0:01:35]} 12. Nc4 {[%emt 0:00:34]} Qe7 {[%emt 0:01:00]} 13. a4 {[%emt 0:00:26]} f6 {[%emt 0:00:11]} 14. Nh4 {[%emt 0:00:15]} Nf8 {[%emt 0:00:03]} 15. Nf5 {[%emt 0:00:29]} Bxf5 {[%emt 0:00:31]} 16. exf5 {[%emt 0:00:01]} b5 {[%emt 0:01:07]} 17. Nd2 {[%emt 0:00:35]} Nd7 {[%emt 0:00:03]} 18. Qf3 {[%emt 0:00:05]} Rab8 {[%emt 0:00:14]} 19. Rfe1 {[%emt 0:00:09]} Qf7 {[%emt 0:00:41]} 20. h3 {[%emt 0:00:30]} Nb6 {[%emt 0:00:11]} 21. axb5 {[%emt 0:00:21]} axb5 {[%emt 0:00:01]} 22. Ra5 {[%emt 0:00:43]} Nd5 {[%emt 0:01:02]} 23. Rea1 {[%emt 0:00:13]} Red8 {[%emt 0:00:39]} 24. Qe4 {[%emt 0:00:47]} Bf8 {[%emt 0:00:31]} 25. Qg4 {[%emt 0:01:41]} Nb4 {[%emt 0:00:13]} 26. Rc1 {[%emt 0:00:01]} Ra8 {[%emt 0:00:17]} 27. Rxa8 {[%emt 0:01:06]} Rxa8 {[%emt 0:00:03]} 28. Bc3 {[%emt 0:00:27]} Nd5 {[%emt 0:00:48]} 29. Ra1 {[%emt 0:00:07]} Rxa1+ {[%emt 0:00:13]} 30. Bxa1 {[%emt 0:00:02]} Nb4 {[%emt 0:00:13]} 31. c4 {[%emt 0:00:32]} c6 {[%emt 0:00:26]} 32. f4 {[%emt 0:01:07]} exf4 {[%emt 0:00:56]} 33. Ne4 {[%emt 0:00:07]} Kh8 {[%emt 0:00:03]} 34. Qxf4 {[%emt 0:00:30]} Nxd3 {[%emt 0:00:17]} 35. Qb8 {[%emt 0:00:04]} h6 {[%emt 0:00:01]} 36. cxb5 {[%emt 0:00:10]} cxb5 {[%emt 0:00:01]} 37. Qxb5 {[%emt 0:00:01]} Nf4 {[%emt 0:00:19]} 38. Qf1 {[%emt 0:00:21]} Qc7 {[%emt 0:00:11]} 39. Qc4 {[%emt 0:00:12]} Qa7 {[%emt 0:00:06]} 40. Bc3 {[%emt 0:00:07]} Qa2 {[%emt 0:00:07]} 41. Bd2 {[%emt 0:00:05]} Qa1+ {[%emt 0:00:09]} 42. Kh2 {[%emt 0:00:20]} Qe5 {[%emt 0:00:01]} 43. g3 {[%emt 0:00:11]} Nd5 {[%emt 0:00:04]} 44. Kg2 {[%emt 0:00:07]} Kh7 {[%emt 0:00:03]} 45. Qd3 {[%emt 0:00:01]} Nb4 {[%emt 0:00:06]} 46. Qb1 {[%emt 0:00:03]} Kh8 {[%emt 0:00:07]} 47. Nf2 {[%emt 0:00:03]} Qd5+ {[%emt 0:00:04]} 48. Ne4 {[%emt 0:00:02]} Nd3 {[%emt 0:00:04]} 49. Kf3 {[%emt 0:00:02]} Qxf5+ {[%emt 0:00:02]} 50. Ke3 {[%emt 0:00:01]} Nb4 {[%emt 0:00:15]} 51. g4 {[%emt 0:00:04]} Nd5+ {[%emt 0:00:02]} 52. Ke2 {[%emt 0:00:01]} Qe5 {[%emt 0:00:02]} 53. Kf3 {[%emt 0:00:03]} f5 {[%emt 0:00:02]} 54. Nf2 {[%emt 0:00:03]} fxg4+ {[%emt 0:00:07]} 55. Nxg4 {[%emt 0:00:08]} Qh5 {[%emt 0:00:05]} 56. Kg2 {[%emt 0:00:04]} Qe8 {[%emt 0:00:02]} 57. Qd3 {[%emt 0:00:03]} Nc7 {[%emt 0:00:14]} 58. Qf3 {[%emt 0:00:03]} Bd6 {[%emt 0:00:05]} 59. Bc3 {[%emt 0:00:01]} Ne6 {[%emt 0:00:06]} 60. Nxh6 {[%emt 0:00:26]} Qg6+ {[%emt 0:00:02]} 61. Ng4 {[%emt 0:00:01]} Nf4+ {[%emt 0:00:02]} 62. Kf1 {[%emt 0:00:09]} Qb1+ {[%emt 0:00:02]} 63. Be1 {[%emt 0:00:01]} Qf5 {[%emt 0:00:16]} 64. Nf2 {[%emt 0:00:02]} Qe6 {[%emt 0:00:04]} 65. Qa8+ {[%emt 0:00:03]} Kh7 {[%emt 0:00:01]} 66. Qe4+ {[%emt 0:00:01]} Qxe4 {[%emt 0:00:01]} 67. Nxe4 {[%emt 0:00:00]} Be7 {[%emt 0:00:03]} 68. Bd2 {[%emt 0:00:06]} Nd5 {[%emt 0:00:10]} 69. Kf2 {[%emt 0:00:02]} Kg6 {[%emt 0:00:03]} 70. Kf3 {[%emt 0:00:08]} Kf5 {[%emt 0:00:08]} 71. Nc3 {[%emt 0:00:01]} 1/2-1/2

[Event "Polgar Challenge 2021"]
[Site "Online"]
[Date "2021.04.04"]
[Round "15.8"]
[White "Khademalsharieh, Sarasadat"]
[Black "Badelka, Olga"]
[Result "1/2-1/2"]
[WhiteElo "2494"]
[BlackElo "2433"]
[Annotator "ChessBase"]
[PlyCount "104"]
[EventDate "2021.04.08"]
[EventType "tourn"]
[EventCountry "NET"]
[SourceTitle "playchess.com"]
[Source "ChessBase"]
[SourceQuality "1"]
[TimeControl "600+5"]

1. Nf3 {[%emt 0:00:00]} Nf6 {[%emt 0:00:00]} 2. e3 {[%emt 0:00:02]} d5 {[%emt 0:00:00]} 3. c4 {[%emt 0:00:01]} e6 {[%emt 0:00:06]} 4. b3 {[%emt 0:00:02]} c5 {[%emt 0:00:05]} 5. cxd5 {[%emt 0:00:02]} exd5 {[%emt 0:00:06]} 6. d4 {[%emt 0:00:13]} Nc6 {[%emt 0:00:02]} 7. Be2 {[%emt 0:00:29]} Bg4 {[%emt 0:00:14]} 8. dxc5 {[%emt 0:00:13]} Bxc5 {[%emt 0:00:06]} 9. O-O {[%emt 0:00:03]} O-O {[%emt 0:00:28]} 10. Bb2 {[%emt 0:00:04]} Re8 {[%emt 0:00:26]} 11. Nc3 {[%emt 0:00:43]} Rc8 {[%emt 0:00:29]} 12. Nb5 {[%emt 0:00:07]} a6 {[%emt 0:00:29]} 13. Nbd4 {[%emt 0:00:01]} Ne4 {[%emt 0:00:42]} 14. Rc1 {[%emt 0:00:03]} Qb6 {[%emt 0:00:44]} 15. h3 {[%emt 0:01:10]} Bd7 {[%emt 0:00:17]} 16. Nxc6 {[%emt 0:00:11]} bxc6 {[%emt 0:00:21]} 17. Bd4 {[%emt 0:00:38]} Bxd4 {[%emt 0:00:13]} 18. Qxd4 {[%emt 0:00:04]} Qxd4 {[%emt 0:00:16]} 19. exd4 {[%emt 0:00:02]} f6 {[%emt 0:01:40]} 20. Bd3 {[%emt 0:00:29]} a5 {[%emt 0:00:32]} 21. Rc2 {[%emt 0:00:28]} Ra8 {[%emt 0:00:28]} 22. Nd2 {[%emt 0:01:06]} Nxd2 {[%emt 0:00:26]} 23. Rxd2 {[%emt 0:00:02]} a4 {[%emt 0:00:02]} 24. bxa4 {[%emt 0:00:42]} Rxa4 {[%emt 0:00:02]} 25. Bc2 {[%emt 0:00:03]} Rb4 {[%emt 0:00:26]} 26. Bb3 {[%emt 0:00:10]} Kf7 {[%emt 0:00:56]} 27. f3 {[%emt 0:00:03]} f5 {[%emt 0:00:15]} 28. Kf2 {[%emt 0:00:11]} f4 {[%emt 0:00:05]} 29. Re1 {[%emt 0:00:11]} Rxe1 {[%emt 0:00:12]} 30. Kxe1 {[%emt 0:00:01]} Ke7 {[%emt 0:00:11]} 31. Kd1 {[%emt 0:00:06]} Bf5 {[%emt 0:00:28]} 32. Kc1 {[%emt 0:00:02]} Kd6 {[%emt 0:00:25]} 33. Kb2 {[%emt 0:00:02]} Rb7 {[%emt 0:00:18]} 34. Re2 {[%emt 0:00:16]} Bd3 {[%emt 0:00:05]} 35. Re5 {[%emt 0:00:35]} h6 {[%emt 0:00:11]} 36. h4 {[%emt 0:00:31]} Re7 {[%emt 0:00:20]} 37. Kc3 {[%emt 0:00:04]} Bf1 {[%emt 0:00:04]} 38. Rf5 {[%emt 0:00:07]} Bxg2 {[%emt 0:00:22]} 39. Rxf4 {[%emt 0:00:01]} g5 {[%emt 0:00:12]} 40. hxg5 {[%emt 0:00:25]} hxg5 {[%emt 0:00:00]} 41. Rg4 {[%emt 0:00:21]} Bxf3 {[%emt 0:00:03]} 42. Rxg5 {[%emt 0:00:01]} Kc7 {[%emt 0:00:04]} 43. Kb4 {[%emt 0:00:08]} Kb6 {[%emt 0:00:02]} 44. a4 {[%emt 0:00:03]} Ra7 {[%emt 0:00:22]} 45. Rg6 {[%emt 0:00:11]} Be4 {[%emt 0:00:02]} 46. Rf6 {[%emt 0:00:03]} Ra8 {[%emt 0:00:03]} 47. Bd1 {[%emt 0:00:10]} Ra7 {[%emt 0:00:04]} 48. Bg4 {[%emt 0:00:04]} Bd3 {[%emt 0:00:05]} 49. Bh5 {[%emt 0:00:05]} Bc2 {[%emt 0:00:03]} 50. a5+ {[%emt 0:00:31]} Rxa5 {[%emt 0:00:01]} 51. Rxc6+ {[%emt 0:00:01]} Kxc6 {[%emt 0:00:01]} 52. Kxa5 {[%emt 0:00:05]} Be4 {[%emt 0:00:03]} 1/2-1/2

[Event "Polgar Challenge 2021"]
[Site "Online"]
[Date "2021.04.04"]
[Round "15.9"]
[White "Abdusattorov, Nodirbek"]
[Black "Nihal Sarin"]
[Result "0-1"]
[WhiteElo "2627"]
[BlackElo "2620"]
[Annotator "TA"]
[PlyCount "102"]
[EventDate "2021.04.08"]
[EventType "tourn"]
[EventCountry "NET"]
[SourceTitle "playchess.com"]
[Source "ChessBase"]
[SourceQuality "1"]

{[%evp 17,102,0,6,0,22,-22,-8,-24,-25,-24,-9,-16,26,23,18,22,30,19,46,25,27,2,55,39,57,11,20,15,26,26,18,0,0,0,33,35,77,102,92,0,0,0,0,0,99,0,68,69,56,0,0,0,0,0,0,-21,-62,-402,-400,-441,-434,-489,-462,-481,-481,-776,-831,-777,-512,-916,-908,-1550,-1521,-1418,0,-389,0,-1683,-1581,-29976,-29977,-29978,-29979,-29978,-29980,-29990,-29991]} 1. e4 e5 2. Nf3 Nc6 3. Bb5 a6 4. Bxc6 dxc6 5. O-O Bd6 6. d4 exd4 7. Qxd4 f6 8. Be3 Ne7 9. Nbd2 Be6 10. Qc3 {C68: Ruy Lopez: Exchange Variation, sidelines.} Ng6 11. Rad1 Qe7 12. Nd4 {The position is equal.} Bb4 13. Qd3 Ne5 ({Not} 13... Bxa2 $2 14. c3 $18) 14. Qe2 {[#]} Bxd2 $5 $146 {[%mdl 8] New and interesting.} ({Predecessor:} 14... O-O-O 15. Nxe6 Qxe6 16. a3 Bxd2 17. Bxd2 Nc4 18. Bc1 Rxd1 19. Rxd1 Re8 20. Re1 Nd6 {½-½ (36) Guseinov,G (2634)-Khairullin,I (2652) Skopje 2015}) 15. Qxd2 O-O-O {[#] ...c5 is the strong threat.} 16. Qc3 g5 17. f3 Rhg8 18. b3 h5 19. Rd2 Rd7 (19... Bd7 $11) 20. Rfd1 Rgd8 21. Nxe6 Rxd2 22. Rxd2 Rxd2 23. Qxd2 {Strongly threatening Nd4.} Qxe6 24. Bd4 b6 25. Kf2 c5 26. Bc3 a5 27. Qd5 Qe7 28. h4 (28. Bxe5 $16 fxe5 29. Qa8+ Kd7 30. Qd5+ Kc8 31. Qa8+ Kd7 32. Qh8) 28... gxh4 $11 29. f4 Ng4+ 30. Ke2 Qe8 (30... Qh7 $11) 31. Be1 (31. Qa8+ $16 Kd7 32. Qxe8+ Kxe8 33. Be1) 31... Kb8 (31... Qg6 $1 $11) 32. Bxh4 $14 a4 33. e5 ({White should try} 33. f5 $14) 33... axb3 34. axb3 fxe5 35. f5 Qb5+ 36. Qd3 Qc6 37. Qf3 {[%mdl 8192] White is on the road to losing.} (37. Kf1 $15) 37... e4 $19 38. Qf4 e3 39. Qf3 {[#]} Qb5+ 40. c4 Qxb3 41. Qd5 (41. Qe4 $142 Qb2+ 42. Kf3) 41... Qc2+ 42. Kf3 Qb1 {White must now prevent ...Qf1+.} 43. Kf4 (43. Ke2 $142 Qc2+ 44. Kf3) 43... e2 44. Qd8+ Kb7 45. Qd5+ Kb8 $2 (45... Ka7 46. Kg5 Qc1+ 47. Kg6 Qf4) 46. Qd8+ Kb7 $2 (46... Ka7 47. Kg5 e1=Q 48. Bxe1 Qxe1 49. Qxc7+ Ka6) 47. Qd5+ $1 Ka7 {( -> ...Qc1+)} 48. Qd2 Qf1+ {Black mates.} 49. Kg5 Nf2 50. Qf4 Qxg2+ 51. Bg3 Nh3+ {[%mdl 64] Double Attack.  Weighted Error Value: White=0.60/Black=0.54} 0-1

[Event "Polgar Challenge 2021"]
[Site "Online"]
[Date "2021.04.04"]
[Round "15.10"]
[White "Murzin, Volodar"]
[Black "Mammadzada, Gunay"]
[Result "1-0"]
[WhiteElo "2478"]
[BlackElo "2443"]
[Annotator "ChessBase"]
[PlyCount "85"]
[EventDate "2021.04.08"]
[EventType "tourn"]
[EventCountry "NET"]
[SourceTitle "playchess.com"]
[Source "ChessBase"]
[SourceQuality "1"]
[TimeControl "600+5"]

1. e4 {[%emt 0:00:00]} c5 {[%emt 0:00:00]} 2. Nf3 {[%emt 0:00:00]} d6 {[%emt 0:00:00]} 3. d4 {[%emt 0:00:00]} cxd4 {[%emt 0:00:00]} 4. Qxd4 {[%emt 0:00:02]} Nf6 {[%emt 0:00:01]} 5. Be2 {[%emt 0:00:03]} Nc6 {[%emt 0:00:23]} 6. Qe3 {[%emt 0:00:03]} g6 {[%emt 0:00:01]} 7. O-O {[%emt 0:00:02]} Bg7 {[%emt 0:00:08]} 8. Rd1 {[%emt 0:00:02]} O-O {[%emt 0:00:11]} 9. Nc3 {[%emt 0:00:03]} Nd7 {[%emt 0:00:53]} 10. Nd5 {[%emt 0:00:47]} a6 {[%emt 0:00:10]} 11. c3 {[%emt 0:00:25]} b6 {[%emt 0:01:07]} 12. Qf4 {[%emt 0:00:56]} Bb7 {[%emt 0:00:19]} 13. Qg3 {[%emt 0:00:05]} Nce5 {[%emt 0:01:01]} 14. Bg5 {[%emt 0:00:51]} Re8 {[%emt 0:02:50]} 15. Nxe5 {[%emt 0:00:40]} Bxe5 {[%emt 0:00:08]} 16. Qh4 {[%emt 0:00:24]} Bxd5 {[%emt 0:00:11]} 17. exd5 {[%emt 0:00:11]} Bf6 {[%emt 0:00:04]} 18. a4 {[%emt 0:00:08]} Qc7 {[%emt 0:00:26]} 19. Rd3 {[%emt 0:00:54]} Bxg5 {[%emt 0:01:14]} 20. Qxg5 {[%emt 0:00:03]} Nf6 {[%emt 0:00:01]} 21. Rd4 {[%emt 0:00:09]} Kg7 {[%emt 0:00:53]} 22. Rad1 {[%emt 0:00:22]} Qc5 {[%emt 0:00:18]} 23. Rc4 {[%emt 0:01:17]} Qa5 {[%emt 0:00:19]} 24. Qd2 {[%emt 0:00:16]} Rec8 {[%emt 0:00:35]} 25. Rd4 {[%emt 0:00:10]} b5 {[%emt 0:00:06]} 26. axb5 {[%emt 0:01:23]} axb5 {[%emt 0:00:00]} 27. h3 {[%emt 0:00:06]} Rab8 {[%emt 0:00:12]} 28. Bf1 {[%emt 0:00:28]} Rc7 {[%emt 0:00:25]} 29. Qe1 {[%emt 0:00:11]} Qa2 {[%emt 0:00:06]} 30. Qd2 {[%emt 0:01:28]} Rc5 {[%emt 0:00:05]} 31. f4 {[%emt 0:00:40]} b4 {[%emt 0:00:20]} 32. cxb4 {[%emt 0:00:02]} Rc7 {[%emt 0:00:03]} 33. b5 {[%emt 0:00:02]} Qa7 {[%emt 0:00:03]} 34. Kh2 {[%emt 0:00:08]} Rbc8 {[%emt 0:00:01]} 35. Qb4 {[%emt 0:00:12]} Qb6 {[%emt 0:00:02]} 36. Ra1 {[%emt 0:00:13]} Rc1 {[%emt 0:00:03]} 37. Ra6 {[%emt 0:00:03]} Qb7 {[%emt 0:00:15]} 38. Be2 {[%emt 0:00:02]} h5 {[%emt 0:00:08]} 39. Rc6 {[%emt 0:00:08]} h4 {[%emt 0:00:05]} 40. Bf3 {[%emt 0:00:07]} Kh7 {[%emt 0:00:03]} 41. Qd2 {[%emt 0:00:06]} Ra1 {[%emt 0:00:04]} 42. f5 {[%emt 0:00:02]} Rca8 {[%emt 0:00:13]} 43. Rxh4+ {[%emt 0:00:01]} 1-0

[Event "Polgar Challenge 2021"]
[Site "Online"]
[Date "2021.04.04"]
[Round "16.1"]
[White "Zhu, Jiner"]
[Black "Mammadzada, Gunay"]
[Result "1-0"]
[WhiteElo "2459"]
[BlackElo "2443"]
[Annotator "TA"]
[PlyCount "149"]
[EventDate "2021.04.08"]
[EventType "tourn"]
[EventCountry "NET"]
[SourceTitle "playchess.com"]
[Source "ChessBase"]
[SourceQuality "1"]

{[%evp 11,149,20,31,11,24,14,28,0,8,-3,0,0,0,-16,0,-5,-5,-42,0,0,0,-60,24,-40,-37,-37,-35,-40,-30,-35,-19,-33,-21,-25,-22,-91,-4,-16,15,14,18,0,25,31,37,39,57,76,64,93,76,0,0,0,0,0,0,0,60,48,51,43,37,54,55,14,14,0,0,0,0,0,0,0,0,0,0,0,0,0,0,0,0,-227,0,0,0,-89,0,-7,0,-14,0,0,0,0,22,0,0,0,22,22,22,22,397,378,350,266,272,166,489,281,318,301,444,443,460,454,830,777,710,543,822,821,872,817,841,830,1394,804,772,708,758,0,745,467,1820,1270,29984,1367]} 1. e4 c5 2. Nf3 d6 3. Bb5+ Bd7 4. Bxd7+ Nxd7 5. O-O Ngf6 6. Qe2 Rc8 7. Rd1 {B52: Sicilian: Moscow Variation with 3...Bd7.} g6 {[#]} 8. b3 $146 ({Predecessor:} 8. c3 Bh6 9. b3 O-O 10. Bb2 Qc7 11. c4 e5 12. Nc3 Rfe8 13. Ne1 Nf8 14. Nc2 Ne6 {1-0 (35) Satyapragyan,S (2416)-Efroimski,M (2255) Douglas 2015}) 8... Bg7 9. Bb2 {White has an edge.} e5 10. c4 Nf8 11. Nc3 Ne6 12. Nd5 Nh5 13. g3 O-O 14. Ne1 Qe8 15. Ng2 f5 16. f3 ({Better is} 16. exf5 $11 gxf5 17. Nh4) 16... Qf7 (16... f4 $15 17. g4 Nf6) 17. Rf1 (17. exf5 $11 gxf5 18. Nh4) 17... f4 $15 18. g4 Nf6 19. h4 Nd7 20. a3 Nb8 21. Ne1 Nc6 22. Nc2 Na5 23. Qd3 (23. Rab1 $11) 23... Rfd8 (23... Bf6 $17 24. g5 (24. Nxf6+ Qxf6 25. g5 Qe7 $15) 24... Bg7) 24. Kg2 $11 a6 25. Rab1 Nc6 26. b4 h6 27. Qe2 Kh7 28. Bc3 Ned4 29. Bxd4 exd4 30. bxc5 dxc5 31. d3 (31. Rfc1 $16) 31... Ne5 32. Rb6 Rc6 33. Rfb1 Rd7 34. Ne1 g5 (34... Bf6 $11) 35. h5 Rxb6 36. Rxb6 Nc6 37. Qb2 Be5 38. Kf2 Bb8 39. Qd2 Ba7 40. Rb1 Ne5 41. Ke2 Qe6 42. Kf1 Kg7 43. Rb3 Rf7 44. Qb2 Qd7 45. Qb1 Qc6 46. Ke2 Qd7 47. Rb2 $2 (47. Kf1 $11 {and White has nothing to worry.}) 47... Kf8 $2 (47... Nxg4 $1 $19 {White must now prevent ...Ne3.} 48. Kd2 (48. fxg4 $2 Qxg4+ 49. Kd2 b5 $19) 48... Ne5) 48. Kf2 Qc6 49. Qd1 (49. Kf1 $11) 49... Ke8 ({Black should play} 49... b5 $17 50. Qc2 Rb7) 50. Kf1 Kd8 51. Rb1 Kc8 52. Nc2 Kb8 53. Na1 Ka8 54. Nb3 Qa4 55. Ke2 Qxa3 56. Qc2 {And now Ra1 would win.} Qa4 {[#]} 57. Nxd4 $1 {[%mdl 64] Discovered Attack} Qd7 {[%mdl 8192] White stays focused until the end.} (57... Qxc2+ $1 $11 58. Nxc2 Nc6) 58. Nf5 $18 Nc6 {Threatens to win with ...Rxf5!} 59. Kf2 Qe6 60. Qb2 {Hoping for Qh8+.} Bb8 $2 (60... Rh7 61. Qc3 Qe5) 61. Qa3 ({Weaker is} 61. Nb6+ Ka7 $18) (61. Qh8 $142 {aiming for Nd6!} Qe5 62. Qc8) 61... Ba7 62. Kg2 $1 Qe5 (62... Rd7 $142 63. Qb2 Qe5 64. Qxe5 Nxe5 65. Nxh6 Nxd3) 63. Nxh6 Rd7 64. Nf5 Nd4 (64... Rh7 $142 65. h6 Qh8) 65. Nxd4 Qxd4 66. Rb3 Qg7 67. Qb2 Qh6 68. Qe5 {White wants to mate with Qe8+.} Bb8 69. Qe8 Rg7 70. Nb6+ Ka7 71. Nc8+ Ka8 72. Nb6+ Ka7 73. Nd7 {[%csl Gd7][%cal Re8b8]} Bc7 (73... Qd6 $142 74. Nxb8 Qxb8 75. Qxb8+ Kxb8) 74. Nxc5 {[%csl Gc5][%cal Rb3b7]} b6 {[#]} 75. Ne6 {Weighted Error Value: White=0.25/Black=0.38} (75. Nxa6 $142 $1 {[%mdl 512]} Qd6 {[#]} 76. c5 $1 Qd8 77. Qa4 Kb7 78. Nxc7 Qxc7 79. Rxb6+ Kc8 80. Qa8+ Kd7 81. Rb7) 1-0